Science Quiz

Random Science or Clickable Quiz

Human Body Systems (Redux) Quiz Stats

 Plays Quiz Updated Feb 15, 2016

Also try: Human Body Systems
Challenge
Share
Tweet
Embed
Score 0/12 Timer 01:00
3 Plays Today
% Correct
???
75%
???
74.1%
???
73.9%
???
72.5%
???
71.6%
???
67.2%
???
66.9%
???
64.8%
???
64.7%
???
63.1%
???
56.3%
???
31.2%

You're not logged in!

Compare scores with friends on all Sporcle quizzes.
OR
Log In

You Might Also Like...

Show Comments

Extras

Top Quizzes Today


Score Distribution

Your Account Isn't Verified!

In order to create a playlist on Sporcle, you need to verify the email address you used during registration. Go to your Sporcle Settings to finish the process.

Report this User

Report this user for behavior that violates our Community Guidelines.

Details: